|
|
|
|
| LEADER |
00000nam a22000007a 4500 |
| 005 |
2021090707377.0 |
| 007 |
cr|||| |||| |
| 008 |
210907s2015 br |||||s|||| 00||0 por d |
| 020 |
|
|
|a 978-85-8310-056-0
|
| 035 |
|
|
|a 35111
|
| 040 |
|
|
|a vLex
|
| 090 |
|
|
|c 12284
|d 12284
|
| 100 |
1 |
|
|a Rodrigues Costa Barreto, Simone
|
| 245 |
1 |
0 |
|a Mutaȯ̂ do conceito constitucional de mercadoria
|h [Recurso electrn̤ico] /
|c Simone Rodrigues Costa Barreto
|
| 256 |
|
|
|a Servicio en ln̕ea
|
| 260 |
|
|
|a San Pablo:
|b Editora Noeses,
|c 2015
|
| 300 |
|
|
|a 1 recurso electrn̤ico
|
| 500 |
|
|
|a A autora descreve o conceito de mercadoria utilizado pelo constituinte de 1988 na repartiȯ̂ da competn̊cia tributr̀ia aos Estados, a fim de concluir que, com o passar dos tempos, esse conceito ̌passv̕el de mutaȯ̂. Investiga o subsistema constitucional tributr̀io brasileiro, da perspectiva das normas de competn̊cia e identifica a utilizaȯ̂, pelo constituinte de 1988, de conceitos, e nô tipos, o que torna sobremodo restrita a atuaȯ̂ do legislador infraconstitucional.
|
| 506 |
1 |
|
|a Disponible solo en los productos indicados
|d vLex Global
|d vLex Global (Academic Edition, excluding Law Schools)
|d vLex Global (U.S. Academic Edition, Law Schools)
|d vLex Global (U.S. Academic Edition, excluding Law Schools)
|d vLex Global (Academic Edition, Law Schools)
|
| 650 |
0 |
4 |
|a Derecho Tributario
|z Brasil
|
| 740 |
0 |
|
|a vLex Libros (Servicio en ln̕ea)
|
| 856 |
4 |
0 |
|u https://app.vlex.com/#/sources/35111
|z Acceso restringido
|
| 942 |
|
|
|c BOOK
|
| 999 |
0 |
|
|a Tax Law
|